| 000 | 01357nam0a2200385 4500 | ||
|---|---|---|---|
| 001 | RU\NLR\bibl\54283 | ||
| 005 | 20260406144230.0 | ||
| 010 |
_a5-88196-680-5 _bВ пер. _dБ. ц. _95000 экз. |
||
| 020 |
_aRU _b98-22667 _9Книжная летопись |
||
| 021 |
_aRU _b98-11306 _9533 |
||
| 035 | _a(NLR Aleph) 000052967 | ||
| 090 |
_a284759 _c284759 |
||
| 100 | _a19990528d1997 |||y0rusy50 ca | ||
| 101 | 1 | _arus | |
| 102 | _aRU | ||
| 105 | _ay ||||||||| | ||
| 200 | 1 |
_aАнгел во плоти _eРоман _fДжоанна Линдсей _g[Перевод с англ. Э. Г. Коновалова] |
|
| 210 |
_aМ. _cАСТ _d1997 |
||
| 215 |
_a396 с. _d21 см |
||
| 225 | 1 | _aСерия "Шарм" | |
| 461 | 0 |
_12001#$aСерия "Шарм" _tСерия "Шарм" |
|
| 610 | 0 | _aСША, 19 в. (х. л.) | |
| 610 | 0 | _aПриключенческие романы и рассказы (х. л.) | |
| 675 |
_a820(73)-31Линдсей _v3 _zrus |
||
| 686 |
_a17 _2rugasnti |
||
| 686 |
_a84(7Сое) _2rubbk |
||
| 686 | _aШ6(7США)67-440.4 | ||
| 700 | 1 |
_4070 _7ca _8rus _aЛиндсей _bД. _f1951-2019 _gДжоанна _9114086 _3RU\NLR\AUTH\774099 |
|
| 801 | 0 |
_aRU _bRKP _c19990528 _gPSBO |
|
| 801 | 1 |
_aRU _bRKP _c19990528 |
|
| 801 | 2 |
_aRU _bNLR _c19991101 _grcr |
|
| 852 |
_aNLR _j98-3/3213 |
||
| 942 | _cBOOK | ||
| 980 | _aNB | ||